00590cam a22002171 4500001001300000003000400013005001700017008004100034010001700075035001800092040001800110042001200128050002100140110003400161245002700195250001800222260006500240300001900305650003100324999001700355sa 68017222 DLC20260227112701.0720801s1966 xx 000 0 ind  asa 68017222  a(OCoLC)370801 aDLCcOAUdDLC apremarc00aRS141.75.I5bP352 aPanitia Formularium Nasional.10aFormularium Indonesia. aPenerbitan 1. a[Djakarta]bKementerian Kesehatan Republik Indonesia,c1966. a287 p.c21 cm. 0aPharmacopoeiaszIndonesia. c87596d87596